[Event "Biel HTO 54th"]
[Site "Biel"]
[Date "2021.07.30"]
[Round "5"]
[White "Schweizer, Simon"]
[Black "Tahay, Alexis"]
[Result "0-1"]
[WhiteElo "2142"]
[BlackElo "2349"]
[PlyCount "136"]
[EventDate "2021.07.26"]
[EventType "swiss"]
[EventRounds "9"]
[EventCountry "SUI"]
[SourceTitle "CBM 203 Extra"]
[Source "ChessBase"]
[SourceDate "2021.09.30"]
[SourceVersion "1"]
[SourceVersionDate "2021.09.30"]
[SourceQuality "1"]

1. e4 c5 2. Nf3 d6 3. d4 cxd4 4. Nxd4 Nf6 5. Nc3 a6 6. h3 e5 7. Nde2 b5 8. g4 b4 9. Nd5 Nxd5 10. exd5 h5 11. g5 Be7 12. Rg1 Bf5 13. Ng3 Bg6 14. h4 Qc8 15. Be3 Nd7 16. Rc1 Qc7 17. Bd3 Bxd3 18. Qxd3 g6 19. Ne4 0-0 20. c4 bxc3 21. bxc3 Rfb8 22. c4 Rb2 23. Qa3 Qb7 24. Kf1 Qb4 25. Qd3 Rb8 26. c5 Nxc5 27. Bxc5 dxc5 28. d6 Bd8 29. Rxc5 Rb1+ 30. Kg2 Rxg1+ 31. Kxg1 Qe1+ 32. Kg2 Rb1 33. Ng3 Rd1 34. Qe4 Qg1+ 35. Kh3 Rd4 36. Qh1 Qxf2 37. Rc8 Rxd6 38. Qa8 Qd2 39. a4 Kg7 40. Qe4 Qd5 41. Qxd5 Rxd5 42. Rc6 a5 43. Ne4 Rd4 44. Nc5 Be7 45. Nb7 f6 46. Rc7 Kf8 47. Nxa5 fxg5 48. hxg5 Rxa4 49. Nc6 Bxg5 50. Nxe5 Ra6 51. Kg2 Kg8 52. Kf3 Re6 53. Nc4 Be7 54. Ne3 Kf7 55. Nd5 g5 56. Ne3 Kg6 57. Nd5 g4+ 58. Kg2 Bd6 59. Rc6 Kf5 60. Ra6 h4 61. Ra5 h3+ 62. Kf1 Ke4 63. Nc3+ Kd3 64. Nd1 g3 65. Rd5+ Kc4 66. Ne3+ Rxe3 67. Rxd6 g2+ 68. Kf2 Rf3+ 0-1

[Event "Biel HTO 54th"]
[Site "Biel"]
[Date "2021.07.29"]
[Round "4"]
[White "Tahay, Alexis"]
[Black "Gukesh, Dommaraju"]
[Result "0-1"]
[WhiteElo "2349"]
[BlackElo "2578"]
[PlyCount "94"]
[EventDate "2021.07.26"]
[EventType "swiss"]
[EventRounds "9"]
[EventCountry "SUI"]
[SourceTitle "CBM 203 Extra"]
[Source "ChessBase"]
[SourceDate "2021.09.30"]
[SourceVersion "1"]
[SourceVersionDate "2021.09.30"]
[SourceQuality "1"]

1. e4 c6 2. Nf3 d5 3. d3 Bg4 4. h3 Bh5 5. Nc3 d4 6. g4 Bg6 7. Ne2 e5 8. c3 dxc3 9. bxc3 Nd7 10. Ng3 h5 11. gxh5 Bxh5 12. Be2 Bxf3 13. Bxf3 g6 14. Kf1 Qc7 15. d4 0-0-0 16. Qb3 Rh7 17. Kg2 Bd6 18. Bg5 f6 19. Be3 exd4 20. cxd4 Bf4 21. Rab1 Bxe3 22. Qxe3 Ne7 23. e5 f5 24. Qa3 Kb8 25. Qd6 Nb6 26. Qxc7+ Kxc7 27. Rbd1 Rh4 28. Ne2 g5 29. Rdg1 Rdh8 30. Kf1 Rxh3 31. Rxh3 Rxh3 32. Rg3 Rxg3 33. Nxg3 Nd7 34. Ke2 Nf8 35. Nh5 Ne6 36. Ke3 g4 37. Bg2 b5 38. Nf4 Nxf4 39. Kxf4 Kd7 40. f3 gxf3 41. Bxf3 a5 42. Bd1 a4 43. Kg5 Nd5 44. Bc2 f4 45. Kh4 Nc3 46. a3 f3 47. Bd3 b4 0-1

[Event "Biel HTO 54th"]
[Site "Biel"]
[Date "2021.07.27"]
[Round "2"]
[White "Tahay, Alexis"]
[Black "Dornieden, Jonas"]
[Result "1-0"]
[WhiteElo "2349"]
[BlackElo "2001"]
[PlyCount "73"]
[EventDate "2021.07.26"]
[EventType "swiss"]
[EventRounds "9"]
[EventCountry "SUI"]
[SourceTitle "CBM 203 Extra"]
[Source "ChessBase"]
[SourceDate "2021.09.30"]
[SourceVersion "1"]
[SourceVersionDate "2021.09.30"]
[SourceQuality "1"]

1. e4 c5 2. Nf3 Nc6 3. Bb5 g6 4. Bxc6 dxc6 5. d3 Bg7 6. h3 Nf6 7. Nc3 e5 8. Be3 Qd6 9. Qd2 0-0 10. Ne2 b6 11. Bh6 Nh5 12. g4 Nf4 13. Bxg7 Kxg7 14. Nxf4 exf4 15. e5 Qd5 16. Qxf4 f6 17. 0-0 fxe5 18. Qxe5+ Kg8 19. Qxd5+ cxd5 20. Kg2 d4 21. Kg3 Bb7 22. Ne5 Rae8 23. f4 g5 24. Rae1 gxf4+ 25. Rxf4 Rxf4 26. Kxf4 Kg7 27. h4 Bd5 28. b3 b5 29. g5 Rf8+ 30. Kg3 Re8 31. h5 c4 32. Nf3 Re3 33. Rxe3 dxe3 34. Nd4 cxd3 35. cxd3 Bf7 36. Kf4 e2 37. h6+ 1-0

[Event "Cattolica op-A 8th"]
[Site "Cattolica"]
[Date "2021.06.02"]
[Round "7"]
[White "Pasini, Nicolo"]
[Black "Tahay, Alexis"]
[Result "0-1"]
[WhiteElo "2233"]
[BlackElo "2366"]
[PlyCount "50"]
[EventDate "2021.05.27"]
[EventType "swiss"]
[EventRounds "9"]
[EventCountry "ITA"]
[SourceTitle "CBM 203 Extra"]
[Source "ChessBase"]
[SourceDate "2021.09.30"]
[SourceVersion "1"]
[SourceVersionDate "2021.09.30"]
[SourceQuality "1"]

1. e4 c5 2. Nc3 Nc6 3. Bb5 Nd4 4. Nf3 Nxb5 5. Nxb5 d6 6. d4 Bd7 7. Nc3 cxd4 8. Qxd4 e5 9. Qb4 Qc8 10. 0-0 h6 11. Rd1 Nf6 12. Nb5 Bxb5 13. Qxb5+ Qc6 14. Qxc6+ bxc6 15. Re1 Be7 16. c4 Nd7 17. b3 0-0 18. Ba3 c5 19. Rad1 a5 20. Nd2 Rfb8 21. Bb2 a4 22. Bc3 Nf8 23. Rb1 Bg5 24. b4 cxb4 25. Bxb4 Rxb4 0-1

[Event "Cattolica op-A 8th"]
[Site "Cattolica"]
[Date "2021.05.30"]
[Round "4"]
[White "Tahay, Alexis"]
[Black "Pourquet, Matthieu"]
[Result "1/2-1/2"]
[WhiteElo "2366"]
[BlackElo "2194"]
[PlyCount "250"]
[EventDate "2021.05.27"]
[EventType "swiss"]
[EventRounds "9"]
[EventCountry "ITA"]
[SourceTitle "CBM 203 Extra"]
[Source "ChessBase"]
[SourceDate "2021.09.30"]
[SourceVersion "1"]
[SourceVersionDate "2021.09.30"]
[SourceQuality "1"]

1. e4 e6 2. d4 d5 3. Nd2 h6 4. Ngf3 Nf6 5. e5 Nfd7 6. Bd3 c5 7. c3 Nc6 8. 0-0 g5 9. dxc5 Ndxe5 10. Nxe5 Nxe5 11. Nb3 Nxd3 12. Qxd3 Bg7 13. f4 Qc7 14. Be3 gxf4 15. Bxf4 e5 16. Rae1 Be6 17. Qg3 exf4 18. Qxg7 0-0-0 19. Qe5 Qc6 20. Kh1 Rhg8 21. Nd4 Qxc5 22. Nxe6 fxe6 23. Qxe6+ Kb8 24. Qxh6 Ka8 25. Qxf4 d4 26. cxd4 Rxd4 27. Qf3 a6 28. Rd1 Rc4 29. Rd7 Qb5 30. Rfd1 Qxb2 31. Rd8+ Rc8 32. Rxg8 Rxg8 33. Qd5 Rf8 34. h3 Qe2 35. Kh2 Rf2 36. Rb1 Qe7 37. Rd1 Qc7+ 38. Qd6 Qc2 39. Qd5 Qc7+ 40. Kg1 Rf8 41. Qd6 Qf7 42. Kh1 Qf2 43. Qd5 Qc2 44. Re1 Qb2 45. a4 Qb4 46. Re4 Qb6 47. Kh2 Qc7+ 48. Qe5 Qc2 49. Rg4 Rc8 50. Qg3 Qd2 51. h4 Ka7 52. Qf4 Qe1 53. h5 Ka8 54. h6 Qe6 55. Rh4 Qg6 56. h7 Rh8 57. Qc7 Qf6 58. Rh3 Qg6 59. a5 Qf6 60. Rh5 Qg6 61. Rh4 Qf6 62. Rh3 Qg6 63. Qe7 Qf5 64. Qg7 Qf4+ 65. Qg3 Qf7 66. Qd3 Qf4+ 67. Kg1 Qc1+ 68. Qf1 Qc5+ 69. Kh1 Qe5 70. Qd1 Qf5 71. Qh5 Qf1+ 72. Kh2 Qf4+ 73. Kg1 Qc1+ 74. Kf2 Qd2+ 75. Qe2 Qf4+ 76. Kg1 Qc1+ 77. Qf1 Qc5+ 78. Kh2 Qc7+ 79. g3 Rxh7 80. Qf8+ Ka7 81. Qf2+ Ka8 82. Qf8+ Ka7 83. Rxh7 Qxh7+ 84. Kg1 Qh5 85. Qf2+ Ka8 86. Qd2 Qg4 87. Qc3 Qh3 88. Kf2 Qh2+ 89. Kf3 Qh1+ 90. Kg4 Qe4+ 91. Kg5 Qd5+ 92. Kf6 Qd6+ 93. Kf5 Qd7+ 94. Kg5 Qd5+ 95. Kf4 Qf7+ 96. Ke3 Qe6+ 97. Kf2 Qf5+ 98. Kg1 Qh3 99. Qf3 Qh8 100. Qd5 Qa1+ 101. Kg2 Qb2+ 102. Kf3 Qc3+ 103. Kf4 Qf6+ 104. Qf5 Qd4+ 105. Kg5 Qg7+ 106. Kh5 Qxg3 107. Qc8+ Qb8 108. Qc5 Qe8+ 109. Kg4 Qd7+ 110. Kf4 Kb8 111. Ke4 Qe6+ 112. Kd4 Qg4+ 113. Kc3 Qf3+ 114. Kb4 Qe4+ 115. Kb3 Qd3+ 116. Kb4 Qb1+ 117. Kc4 Qc2+ 118. Kb4 Qb2+ 119. Kc4 Qc1+ 120. Kb4 Qf4+ 121. Kb3 Qf3+ 122. Kb4 Qe4+ 123. Kb3 Qc6 124. Kb4 Qe4+ 125. Kb3 Qc6 1/2-1/2

[Event "Cattolica op-A 8th"]
[Site "Cattolica"]
[Date "2021.05.29"]
[Round "3"]
[White "Decuigniere, Tom"]
[Black "Tahay, Alexis"]
[Result "1/2-1/2"]
[WhiteElo "2216"]
[BlackElo "2366"]
[PlyCount "80"]
[EventDate "2021.05.27"]
[EventType "swiss"]
[EventRounds "9"]
[EventCountry "ITA"]
[SourceTitle "CBM 203 Extra"]
[Source "ChessBase"]
[SourceDate "2021.09.30"]
[SourceVersion "1"]
[SourceVersionDate "2021.09.30"]
[SourceQuality "1"]

1. d4 Nf6 2. c4 e6 3. Nc3 Bb4 4. f3 0-0 5. a3 Bxc3+ 6. bxc3 Nc6 7. e4 d6 8. Bd3 b6 9. Bg5 h6 10. Bh4 e5 11. Ne2 g5 12. Bf2 Nh5 13. g4 Nf4 14. Nxf4 gxf4 15. c5 dxc5 16. dxc5 Be6 17. 0-0 Na5 18. Qe2 Qe7 19. cxb6 axb6 20. Bc2 Bc4 21. Bd3 Bxd3 22. Qxd3 Nb3 23. Rad1 Rfd8 24. Qe2 Qxa3 25. Rd5 Qe7 26. Rfd1 Na5 27. Qb5 Rxd5 28. Qxd5 Re8 29. Qb5 Qe6 30. Rd7 c6 31. Qd3 Nc4 32. h4 Kg7 33. Rd8 Rxd8 34. Qxd8 c5 35. h5 Qd6 36. Bh4 b5 37. Qxd6 Nxd6 38. Bf2 b4 39. cxb4 cxb4 40. Bc5 Nb5 1/2-1/2

[Event "Cattolica op-A 8th"]
[Site "Cattolica"]
[Date "2021.05.28"]
[Round "2"]
[White "Tahay, Alexis"]
[Black "Kadric, Denis"]
[Result "0-1"]
[WhiteElo "2366"]
[BlackElo "2584"]
[PlyCount "90"]
[EventDate "2021.05.27"]
[EventType "swiss"]
[EventRounds "9"]
[EventCountry "ITA"]
[SourceTitle "CBM 203 Extra"]
[Source "ChessBase"]
[SourceDate "2021.09.30"]
[SourceVersion "1"]
[SourceVersionDate "2021.09.30"]
[SourceQuality "1"]

1. e4 c5 2. Nf3 Nc6 3. d4 cxd4 4. Nxd4 e5 5. Nb5 d6 6. c4 g6 7. Be2 Be6 8. 0-0 a6 9. N5c3 Rc8 10. Be3 Bh6 11. Bxh6 Nxh6 12. Qd2 Ng8 13. Na3 Nd4 14. Bd3 Ne7 15. Qh6 g5 16. Nd5 Ng6 17. Nc2 Nxc2 18. Bxc2 Bxd5 19. exd5 Qf6 20. b3 Ke7 21. Rae1 Nf4 22. Qxf6+ Kxf6 23. g3 Ng6 24. f4 exf4 25. Bxg6 hxg6 26. gxf4 g4 27. Re4 Rhe8 28. Rfe1 Rxe4 29. Rxe4 Rc7 30. Kf2 Kf5 31. Ke3 b5 32. Kd3 Rb7 33. cxb5 Rxb5 34. Rd4 a5 35. Kc3 Rc5+ 36. Kb2 Rc8 37. a3 Rh8 38. Rd2 Kxf4 39. b4 axb4 40. axb4 Ke3 41. Rg2 f5 42. Kb3 Kf3 43. Rc2 f4 44. b5 g3 45. Rc3+ Kg4 0-1

[Event "FIDE World Uni Rapid-D 1st"]
[Site "Tornelo INT"]
[Date "2021.03.20"]
[Round "1"]
[White "Habibul, Bashar Zihad"]
[Black "Tahay, Alexis"]
[Result "1-0"]
[WhiteElo "1447"]
[BlackElo "2366"]
[PlyCount "155"]
[EventDate "2021.03.20"]
[EventType "swiss (rapid)"]
[EventRounds "12"]
[EventCountry "NET"]
[SourceTitle "EXT 2022"]
[Source "ChessBase"]
[SourceDate "2021.10.06"]
[SourceVersion "1"]
[SourceVersionDate "2021.10.06"]
[SourceQuality "1"]

1. e4 c5 2. Nf3 d6 3. d4 cxd4 4. Nxd4 Nf6 5. Nc3 Nc6 6. Bc4 Qb6 7. Nxc6 bxc6 8. Bb3 g6 9. 0-0 Bg7 10. Be3 Qc7 11. Qe2 0-0 12. Rfd1 Qa5 13. Bd4 Qh5 14. Qxh5 Nxh5 15. Bxg7 Kxg7 16. Re1 f6 17. a3 g5 18. Ba4 Bb7 19. Bb3 Nf4 20. g3 Ng6 21. Rf1 Ba6 22. Rfe1 Rab8 23. Rad1 h5 24. Ne2 Bxe2 25. Rxe2 h4 26. Re3 hxg3 27. fxg3 c5 28. Rc3 Ne5 29. Kg2 Rfc8 30. Rb1 c4 31. Ba2 Rc5 32. Re3 g4 33. h3 gxh3+ 34. Kxh3 Rh8+ 35. Kg2 Ng4 36. Rc3 Rh2+ 37. Kf3 Ne5+ 38. Kf4 Rf2+ 39. Ke3 Rg2 40. Kd4 Nc6+ 41. Ke3 Rf5 42. exf5 Rxg3+ 43. Kf4 Rg5 44. Rg3 Rxg3 45. Kxg3 Nd4 46. Kf4 c3 47. bxc3 Ne2+ 48. Kg4 Nxc3 49. Rb2 d5 50. Bb3 a5 51. a4 Kf8 52. Kf4 Ke8 53. Ba2 Kd8 54. Kg4 Kc7 55. Kh5 Kd6 56. Kg6 Ke5 57. Bxd5 Kxd5 58. Rb7 Kd6 59. Ra7 Nxa4 60. Rxa5 Nc3 61. Ra6+ Kd7 62. Kf7 Nd5 63. Ra7+ Kd6 64. c4 Ne3 65. Rxe7 Nxf5 66. Re6+ Kc5 67. Kxf6 Nd4 68. Re4 Kxc4 69. Ke5 Kc3 70. Rxd4 Kb3 71. Kd5 Kc3 72. Kc5 Kb3 73. Rd3+ Kc2 74. Kc4 Kb2 75. Rc3 Ka2 76. Rb3 Ka1 77. Rb8 Ka2 78. Kc3 1-0

[Event "FIDE World Uni Blitz-B 1st"]
[Site "Tornelo INT"]
[Date "2021.03.13"]
[Round "5.1"]
[White "Oparin, Grigoriy"]
[Black "Tahay, Alexis"]
[Result "1-0"]
[WhiteElo "2652"]
[BlackElo "2366"]
[PlyCount "101"]
[EventDate "2021.03.13"]
[EventType "swiss (blitz)"]
[EventRounds "10"]
[EventCountry "NET"]
[SourceTitle "EXT 2022"]
[Source "ChessBase"]
[SourceDate "2021.10.06"]
[SourceVersion "1"]
[SourceVersionDate "2021.10.06"]
[SourceQuality "1"]

1. Nf3 c5 2. c4 Nc6 3. d4 cxd4 4. Nxd4 Nf6 5. Nc3 e6 6. e4 Bb4 7. Nxc6 bxc6 8. Bd3 e5 9. 0-0 0-0 10. h3 d6 11. Na4 d5 12. cxd5 cxd5 13. exd5 Qxd5 14. a3 Bd6 15. Nc3 Qc6 16. Bb5 Qb6 17. Bg5 Bb7 18. Bxf6 gxf6 19. Nd5 Bxd5 20. Qxd5 Qd4 21. Qf3 Rab8 22. Rad1 Qf4 23. Qxf4 exf4 24. Rxd6 Rxb5 25. Rxf6 Rxb2 26. Rxf4 Rb3 27. Rg4+ Kh8 28. Ra4 Rb7 29. Rd1 Rc8 30. Rd3 Rc6 31. Rd5 Kg7 32. Rda5 Rc1+ 33. Kh2 Rc2 34. Rg4+ Kf8 35. Rf4 Kg7 36. g4 Rd7 37. Kg3 h6 38. Ra6 Rd3+ 39. f3 Rd7 40. Rf5 Re7 41. Rh5 Rc3 42. Rhxh6 Ree3 43. Rhf6 Rxa3 44. Rxa3 Rxa3 45. Rc6 a5 46. Ra6 a4 47. h4 f6 48. Kf4 Kf7 49. h5 Kg7 50. Ke4 Kf7 51. f4 1-0

[Event "FIDE World Uni Blitz-B 1st"]
[Site "Tornelo INT"]
[Date "2021.03.13"]
[Round "4.11"]
[White "Tahay, Alexis"]
[Black "Kowalec, Maciej"]
[Result "1-0"]
[WhiteElo "2366"]
[BlackElo "2123"]
[PlyCount "131"]
[EventDate "2021.03.13"]
[EventType "swiss (blitz)"]
[EventRounds "10"]
[EventCountry "NET"]
[SourceTitle "EXT 2022"]
[Source "ChessBase"]
[SourceDate "2021.10.06"]
[SourceVersion "1"]
[SourceVersionDate "2021.10.06"]
[SourceQuality "1"]

1. e4 e6 2. d4 d5 3. Nd2 c5 4. Ngf3 Nc6 5. exd5 exd5 6. Bb5 Bd6 7. 0-0 Nge7 8. dxc5 Bxc5 9. Nb3 Bb6 10. c3 0-0 11. h3 a6 12. Bd3 Bf5 13. Bg5 f6 14. Bf4 Bxd3 15. Qxd3 Ng6 16. Be3 Bc7 17. Nbd4 Re8 18. Rad1 Nge5 19. Nxe5 Nxe5 20. Qf5 Qd6 21. Bf4 g6 22. Qc2 Rad8 23. Rfe1 Nf3+ 24. Nxf3 Qxf4 25. Rxe8+ Rxe8 26. Rxd5 b5 27. Qd3 Qc1+ 28. Qd1 Qxd1+ 29. Rxd1 Re2 30. Rd2 Re7 31. Kf1 Bf4 32. Re2 Rd7 33. g3 Bc1 34. Rc2 Bh6 35. Nd4 f5 36. Ke2 Kf7 37. Kd3 Bg7 38. Rc1 Re7 39. Ra1 Ke8 40. a4 b4 41. Kc4 bxc3 42. bxc3 Rc7+ 43. Kd3 Kd7 44. Rb1 f4 45. gxf4 Bh6 46. f5 gxf5 47. Nxf5 Bf4 48. Rb6 Rc5 49. Nd4 Ra5 50. Rb4 Bd6 51. Rc4 Rh5 52. f3 Rxh3 53. Rc6 Be5 54. Rxa6 h5 55. Rh6 h4 56. Rh7+ Kc8 57. Ke4 Bc7 58. c4 Rh1 59. c5 Kb7 60. Ne6 Re1+ 61. Kf5 Re5+ 62. Kf6 h3 63. Rxc7+ Kb8 64. Rh7 Re3 65. Rxh3 Ra3 66. c6 1-0

[Event "FIDE World Uni Blitz-B 1st"]
[Site "Tornelo INT"]
[Date "2021.03.13"]
[Round "3.15"]
[White "Vernimmen, Pierre"]
[Black "Tahay, Alexis"]
[Result "0-1"]
[WhiteElo "2010"]
[BlackElo "2366"]
[PlyCount "140"]
[EventDate "2021.03.13"]
[EventType "swiss (blitz)"]
[EventRounds "10"]
[EventCountry "NET"]
[SourceTitle "EXT 2022"]
[Source "ChessBase"]
[SourceDate "2021.10.06"]
[SourceVersion "1"]
[SourceVersionDate "2021.10.06"]
[SourceQuality "1"]

1. d4 Nf6 2. Nf3 e6 3. e3 c5 4. c4 cxd4 5. exd4 Bb4+ 6. Nc3 0-0 7. Bd3 d5 8. cxd5 Nxd5 9. Bd2 Nc6 10. 0-0 Be7 11. Re1 Bf6 12. Qe2 Ndb4 13. Be3 Nxd3 14. Qxd3 Nb4 15. Qe2 Nd5 16. Rad1 b6 17. Ne5 Bb7 18. Ne4 Nxe3 19. Qxe3 Qd5 20. Qg3 Kh8 21. f3 Bxe5 22. dxe5 Qxa2 23. Nd6 Bd5 24. Rd4 Qxb2 25. Rg4 g6 26. Rh4 Qd2 27. Rf1 Qe3+ 28. Kh1 Rac8 29. Qh3 h5 30. Nxc8 Rxc8 31. Ra4 Rc1 32. Ra1 Rxf1+ 33. Rxf1 Qxe5 34. Qh4 Kg7 35. Qd8 Qf6 36. Qc7 Qd4 37. Qxa7 Bc4 38. Rg1 h4 39. h3 Bd5 40. Qa3 Qf2 41. Qd3 Qg3 42. Qc3+ Kh7 43. Rc1 b5 44. Qb2 Bc4 45. Qf6 Kg8 46. Rd1 Bd5 47. Rc1 Qb8 48. Qe7 Bc4 49. Rd1 Bd5 50. Rd4 Qc8 51. Qb4 Qc1+ 52. Kh2 Qg5 53. Rxh4 Kg7 54. Qd4+ f6 55. Qa7+ Kg8 56. Qh7+ Kf8 57. Qh8+ Ke7 58. Rh7+ Kd6 59. Qb8+ Kc5 60. Rc7+ Kb4 61. Qb6 Qf4+ 62. Kg1 Bc4 63. Qc5+ Kb3 64. Rd7 Qc1+ 65. Kh2 Qc3 66. Rd4 b4 67. Qd6 e5 68. Rd1 Kc2 69. Rf1 b3 70. Rg1 b2 0-1

[Event "EU-ch Online 2300+ Final"]
[Site "Chess.com INT"]
[Date "2020.05.30"]
[Round "8"]
[White "Tahay, Alexis"]
[Black "Doric, Nenad"]
[Result "0-1"]
[WhiteElo "2355"]
[BlackElo "2249"]
[PlyCount "74"]
[EventDate "2020.05.30"]
[EventType "swiss"]
[EventRounds "8"]
[EventCountry "NET"]
[SourceTitle "CBM 196 Extra"]
[Source "ChessBase"]
[SourceDate "2020.07.31"]
[SourceVersion "1"]
[SourceVersionDate "2020.07.31"]
[SourceQuality "1"]

1. e4 e5 2. Nf3 Nc6 3. Bb5 a6 4. Ba4 Nf6 5. 0-0 Nxe4 6. d4 exd4 7. Re1 d5 8. c4 Bb4 9. cxd5 Bxe1 10. Qxe1 Qxd5 11. Bb3 Qc5 12. Qxe4+ Be6 13. Bf4 0-0-0 14. Bxe6+ fxe6 15. Nbd2 Qf5 16. Re1 Rhf8 17. Bg5 Rd5 18. Qxe6+ Qxe6 19. Rxe6 h6 20. Bh4 d3 21. g4 g5 22. Bg3 Rxf3 23. Nxf3 d2 24. Nxd2 Rxd2 25. Rxh6 Rxb2 26. Rh7 Nd4 27. Kg2 Ne6 28. a4 Rc2 29. Rf7 b5 30. axb5 axb5 31. h4 gxh4 32. Bxh4 b4 33. Bf6 c5 34. g5 b3 35. g6 Nf4+ 36. Kf3 Nxg6 37. Ke4 Rxf2 0-1

[Event "EU-ch Online 2300+ Final"]
[Site "Chess.com INT"]
[Date "2020.05.30"]
[Round "6"]
[White "Tahay, Alexis"]
[Black "Rubio Mejia, Luis Ignacio"]
[Result "1-0"]
[WhiteElo "2355"]
[BlackElo "2405"]
[PlyCount "59"]
[EventDate "2020.05.30"]
[EventType "swiss"]
[EventRounds "8"]
[EventCountry "NET"]
[SourceTitle "CBM 196 Extra"]
[Source "ChessBase"]
[SourceDate "2020.07.31"]
[SourceVersion "1"]
[SourceVersionDate "2020.07.31"]
[SourceQuality "1"]

1. e4 c5 2. Nf3 e6 3. d4 cxd4 4. Nxd4 Nc6 5. Nc3 Qc7 6. f4 a6 7. Nxc6 bxc6 8. Bd3 d5 9. 0-0 Nf6 10. Qe2 Be7 11. Bd2 g6 12. Rae1 0-0 13. Kh1 Bb7 14. e5 Nd7 15. Na4 c5 16. c4 Nb6 17. Ba5 Qc6 18. Nxb6 Bd8 19. cxd5 exd5 20. Nxa8 Bxa5 21. Rc1 Rxa8 22. b3 Re8 23. a3 Bd8 24. Qc2 Be7 25. f5 Bf8 26. e6 fxe6 27. fxg6 h6 28. Qf2 Kh8 29. Qf7 Bg7 30. Rxc5 1-0